[Event "Sharjah Masters 7th"]
[Site "Sharjah"]
[Date "2024.05.20"]
[Round "7"]
[White "Blohberger, Felix"]
[Black "Ter Sahakyan, Samvel"]
[Result "1/2-1/2"]
[WhiteElo "2506"]
[BlackElo "2652"]
[PlyCount "88"]
[EventDate "2024.05.14"]
[EventType "swiss"]
[EventRounds "9"]
[EventCountry "UAE"]
[SourceTitle "CB21_2024"]
[SourceDate "2024.05.22"]
[SourceVersion "1"]
[SourceVersionDate "2024.05.22"]
[SourceQuality "1"]

1. d4 Nf6 2. c4 e6 3. Nc3 Bb4 4. Qc2 d5 5. a3 Bxc3+ 6. Qxc3 h6 7. Nf3 0-0 8. e3 b6 9. b3 Bb7 10. Be2 Nbd7 11. Bb2 Rc8 12. 0-0 c5 13. Rac1 Ne4 14. Qd3 Qe7 15. Rfd1 Rfd8 16. h3 Nd6 17. cxd5 Bxd5 18. Nd2 Bc6 19. Qb1 cxd4 20. Bxd4 Nf5 21. Bb2 Nh4 22. g3 Ng6 23. Bf3 Nde5 24. Bxc6 Rxc6 25. Rxc6 Nxc6 26. Nf3 Rxd1+ 27. Qxd1 Nf8 28. Qd3 Qd7 29. Qxd7 Nxd7 30. b4 f6 31. Kf1 Kf7 32. Ke2 e5 33. e4 Nd8 34. Kd3 Nb7 35. Bc1 Nd6 36. g4 b5 37. Be3 a6 38. Nd2 Ke6 39. h4 Kf7 40. h5 Ke8 41. f3 Kd8 42. Kc3 Ke8 43. Kd3 Kd8 44. Kc3 Ke8 1/2-1/2

[Event "Dubai Police op-A"]
[Site "Dubai"]
[Date "2024.05.11"]
[Round "8"]
[White "Bharath, Subramaniyam H"]
[Black "Ter Sahakyan, Samvel"]
[Result "1/2-1/2"]
[WhiteElo "2545"]
[BlackElo "2652"]
[PlyCount "191"]
[EventDate "2024.05.04"]
[EventType "swiss"]
[EventRounds "9"]
[EventCountry "UAE"]
[SourceTitle "CB20_2024"]
[SourceDate "2024.05.16"]
[SourceVersion "1"]
[SourceVersionDate "2024.05.16"]
[SourceQuality "1"]

1. e4 c5 2. Nf3 d6 3. d4 cxd4 4. Nxd4 Nf6 5. Nc3 a6 6. Be3 e5 7. Nb3 Be7 8. h3 h6 9. Qd2 Qc7 10. a4 Be6 11. Nd5 Bxd5 12. exd5 Nbd7 13. a5 0-0 14. Be2 Ne4 15. Qd3 f5 16. g4 Rac8 17. c3 Ndc5 18. Nxc5 Nxc5 19. Qc2 e4 20. gxf5 Bf6 21. Rg1 Kh8 22. Rg4 Rce8 23. Ra3 Re5 24. b4 Nd3+ 25. Bxd3 exd3 26. Qxd3 Qf7 27. c4 Qh5 28. Kd2 Qxh3 29. Re4 Qxf5 30. Rxe5 Qxe5 31. Ke1 Bg5 32. Ra2 Re8 33. Re2 Qa1+ 34. Kd2 Bxe3+ 35. Rxe3 Rf8 36. Rf3 Qb2+ 37. Kd1 Rxf3 38. Qxf3 Qb1+ 39. Ke2 Qc2+ 40. Kf1 Qxc4+ 41. Kg2 Kg8 42. Qf5 Qc7 43. Qe6+ Kf8 44. Kf1 Qe7 45. Qc8+ Kf7 46. Qf5+ Kg8 47. Qc8+ Kh7 48. Qc4 h5 49. b5 axb5 50. Qxb5 Kh6 51. Qb4 Kg6 52. Qb1+ Kf6 53. Qb2+ Kf7 54. Qb4 Qd7 55. Qf4+ Kg6 56. Qg3+ Kh7 57. Qb3 Qf7 58. Qd3+ Qg6 59. Qc4 Qb1+ 60. Kg2 Qf5 61. Qb5 Qf7 62. Qc4 Qe7 63. Kf1 g6 64. Qd4 Qf7 65. Qc4 Qd7 66. Kg2 Kg8 67. Qe4 Qf7 68. Qc4 Kg7 69. Qc3+ Kh7 70. Qd4 Qf5 71. Qc4 Kh6 72. Qb3 Qg4+ 73. Kh2 h4 74. Qe3+ Kh5 75. Qb3 Qf4+ 76. Kg2 Qg5+ 77. Kh1 Qe7 78. Kg2 Kg5 79. Qf3 Qe8 80. Kh1 Qe5 81. Kg2 Qd4 82. Qb3 Qe4+ 83. Kh2 Qe1 84. Kg2 Kf4 85. Qf3+ Ke5 86. Qf7 Qe4+ 87. f3 Qc2+ 88. Kg1 Qc1+ 89. Kg2 Qg5+ 90. Kf1 Qf6 91. Qxb7 Qxf3+ 92. Kg1 Qd1+ 93. Kh2 Qd2+ 94. Kh3 Qxa5 95. Qe7+ Kd4 96. Qxd6 1/2-1/2

[Event "Chess.com Play In Match Div 3"]
[Site "Chess.com INT"]
[Date "2024.05.09"]
[Round "1.5"]
[White "Ter Sahakyan, Samvel"]
[Black "Bok, Benjamin"]
[Result "0-1"]
[WhiteElo "2652"]
[BlackElo "2599"]
[PlyCount "92"]
[EventDate "2024.05.09"]
[EventType "k.o. (rapid)"]
[EventRounds "1"]
[EventCountry "USA"]
[SourceTitle "CB21_2024"]
[SourceDate "2024.05.22"]
[SourceVersion "1"]
[SourceVersionDate "2024.05.22"]
[SourceQuality "1"]

1. e4 e5 2. Nf3 Nc6 3. Bb5 Nf6 4. d3 Bc5 5. c3 0-0 6. Bg5 Be7 7. Nbd2 d6 8. 0-0 h6 9. Bh4 Nh5 10. Bg3 g6 11. d4 Nxg3 12. hxg3 exd4 13. cxd4 Bf6 14. Bxc6 bxc6 15. Qc2 Bd7 16. Rfe1 Bg7 17. Rac1 a5 18. b3 Qb8 19. a4 Qb4 20. Qd3 Rfb8 21. Re3 h5 22. Rc4 Qb7 23. Qc2 Ra6 24. e5 Bf5 25. Qd1 Rb6 26. Kh2 Be6 27. Ng5 Bxc4 28. Nxc4 Bh6 29. Nxf7 Bxe3 30. e6 Qc8 31. d5 cxd5 32. Qxd5 Bxf2 33. Nd8 Kg7 34. e7 Bxg3+ 35. Kh1 Rxb3 36. Qf7+ Kh6 37. Qf8+ Kh7 38. Qf7+ Kh6 39. Qxg6+ Kxg6 40. e8Q+ Kg7 41. Qe7+ Kg6 42. Qe8+ Kg7 43. Qf7+ Kh6 44. Qf6+ Kh7 45. Qe7+ Kg6 46. Qe4+ Kh6 0-1

[Event "Chess.com Classic Play In"]
[Site "Chess.com INT"]
[Date "2024.05.08"]
[Round "2"]
[White "Ter Sahakyan, Samvel"]
[Black "Tang, Andrew"]
[Result "1-0"]
[WhiteElo "2652"]
[BlackElo "2505"]
[PlyCount "67"]
[EventDate "2024.05.08"]
[EventType "swiss (rapid)"]
[EventRounds "9"]
[EventCountry "USA"]
[SourceTitle "CB20_2024"]
[SourceDate "2024.05.16"]
[SourceVersion "1"]
[SourceVersionDate "2024.05.16"]
[SourceQuality "1"]

1. e4 e5 2. Nf3 Nc6 3. Bb5 g6 4. c3 a6 5. Bc4 f5 6. d3 Bg7 7. 0-0 f4 8. d4 d6 9. dxe5 dxe5 10. Qxd8+ Nxd8 11. a4 Nc6 12. b4 Nf6 13. Nbd2 h6 14. Ba3 Nd7 15. Nh4 Nf8 16. b5 axb5 17. axb5 Ne7 18. Bb4 Rxa1 19. Rxa1 Bf6 20. Nhf3 Nd7 21. Bb3 Nb6 22. c4 g5 23. c5 Nd7 24. Ra8 Kd8 25. Be6 Nf8 26. Bf5 h5 27. Bxc8 Nxc8 28. Nc4 Nd7 29. Na5 Ke7 30. c6+ Nd6 31. Rxh8 Bxh8 32. cxd7 g4 33. Nxb7 Kxd7 34. Nxd6 1-0

[Event "Titled Tuesday intern op 30th Apr Early"]
[Site "Chess.com INT"]
[Date "2024.04.30"]
[Round "2"]
[White "Kunal, M."]
[Black "Ter Sahakyan, Samvel"]
[Result "1/2-1/2"]
[WhiteElo "2250"]
[BlackElo "2644"]
[PlyCount "124"]
[EventDate "2024.04.30"]
[EventType "swiss (blitz)"]
[EventRounds "11"]
[EventCountry "USA"]
[SourceTitle "CB19_2024"]
[SourceDate "2024.05.08"]
[SourceVersion "1"]
[SourceVersionDate "2024.05.08"]
[SourceQuality "1"]

1. e4 c5 2. Nf3 d6 3. Bb5+ Nd7 4. d4 Ngf6 5. e5 cxd4 6. exf6 Qa5+ 7. Nbd2 Qxb5 8. fxe7 Bxe7 9. Nxd4 Qe5+ 10. Ne2 0-0 11. Nf3 Qa5+ 12. Bd2 Qa6 13. Bc3 Ne5 14. Nfd4 Bf6 15. 0-0 Bg4 16. h3 Bh5 17. Re1 h6 18. g4 Bg6 19. f4 Nc4 20. f5 Bh7 21. Qd3 Rac8 22. Nf4 Be5 23. Nd5 Rfe8 24. Nf3 Qc6 25. Rad1 b5 26. Nxe5 Nxe5 27. Bxe5 dxe5 28. c3 Kh8 29. Qe4 f6 30. Nb4 Qxe4 31. Rxe4 Red8 32. Ree1 Bg8 33. a3 Bb3 34. Rxd8+ Rxd8 35. Kf2 a5 36. Nc6 Ra8 37. Re2 Bd5 38. Ne7 Bc4 39. Rd2 Kh7 40. Rd7 a4 41. Nd5 Ra6 42. Ke3 Rc6 43. h4 Kh8 44. Rd8+ Kh7 45. Ne7 Rc7 46. Ng6 Bg8 47. Nf8+ Kh8 48. Ng6+ Kh7 49. h5 Rb7 50. Ke4 Rc7 51. Ke3 Rb7 52. Kf3 Rc7 53. Ke2 Rc4 54. Nf8+ Kh8 55. Kf3 Rf4+ 56. Kg3 Re4 57. Ng6+ Kh7 58. Kf3 Re1 59. Nf8+ Kh8 60. Ng6+ Kh7 61. Nf8+ Kh8 62. Ng6+ Kh7 1/2-1/2

[Event "Saint Louis Spring-A"]
[Site "Saint Louis"]
[Date "2024.04.18"]
[Round "8"]
[White "Ter Sahakyan, Samvel"]
[Black "Yoo, Christopher Woojin"]
[Result "1/2-1/2"]
[WhiteElo "2644"]
[BlackElo "2583"]
[PlyCount "58"]
[EventDate "2024.04.11"]
[EventType "tourn"]
[EventRounds "9"]
[EventCountry "USA"]
[EventCategory "15"]
[SourceTitle "CB17_2024"]
[SourceDate "2024.04.24"]
[SourceVersion "1"]
[SourceVersionDate "2024.04.24"]
[SourceQuality "1"]

1. e4 c6 2. d4 d5 3. e5 Bf5 4. h4 h5 5. c4 dxc4 6. Bxc4 e6 7. Nc3 Nd7 8. Nge2 Be7 9. g3 b5 10. Bb3 b4 11. Na4 c5 12. Bf4 Nh6 13. 0-0 Qa5 14. Nxc5 Nxc5 15. dxc5 Rd8 16. Qc1 Bxc5 17. Bxh6 Rxh6 18. Rd1 Rxd1+ 19. Qxd1 Qb6 20. Rc1 g6 21. Kg2 Rh8 22. Bc2 Ke7 23. Bxf5 gxf5 24. Qd2 Qc6+ 25. f3 Qb5 26. Qg5+ Kd7 27. Qd2+ Ke7 28. Qg5+ Kd7 29. Qd2+ Ke7 1/2-1/2

[Event "Saint Louis Spring-A"]
[Site "Saint Louis"]
[Date "2024.04.15"]
[Round "5"]
[White "Ter Sahakyan, Samvel"]
[Black "Hakobyan, Aram"]
[Result "1-0"]
[WhiteElo "2644"]
[BlackElo "2619"]
[PlyCount "79"]
[EventDate "2024.04.11"]
[EventType "tourn"]
[EventRounds "9"]
[EventCountry "USA"]
[EventCategory "15"]
[SourceTitle "CB17_2024"]
[SourceDate "2024.04.24"]
[SourceVersion "1"]
[SourceVersionDate "2024.04.24"]
[SourceQuality "1"]

1. e4 e5 2. Nf3 Nc6 3. Bb5 a6 4. Ba4 Nf6 5. d3 Bc5 6. 0-0 b5 7. Bb3 d6 8. a4 b4 9. c3 0-0 10. Bg5 h6 11. Bh4 Rb8 12. Nbd2 Ba7 13. a5 g5 14. Bg3 Kh8 15. Re1 Nh7 16. Ba4 Ne7 17. d4 bxc3 18. bxc3 f5 19. exf5 exd4 20. Nxd4 Bxd4 21. cxd4 Nxf5 22. d5 Rb4 23. Ra3 Qf6 24. Ne4 Qg7 25. Bc2 Rd4 26. Rd3 Bb7 27. f3 Rxd3 28. Qxd3 Nxg3 29. Nxg3 Nf6 30. Nf5 Qf7 31. Qc3 Qxd5 32. Ne7 Qc5+ 33. Qxc5 dxc5 34. Ng6+ Kg7 35. Nxf8 Kxf8 36. Bd3 Ne8 37. Re5 c6 38. h4 gxh4 39. Rxc5 Nf6 40. Bxa6 1-0

[Event "Moscow Aeroflot op-A"]
[Site "Moscow"]
[Date "2024.03.06"]
[Round "7"]
[White "Ter Sahakyan, Samvel"]
[Black "Abdisalimov, Abdimalik"]
[Result "1/2-1/2"]
[WhiteElo "2646"]
[BlackElo "2503"]
[PlyCount "98"]
[EventDate "2024.03.03"]
[EventType "swiss"]
[EventRounds "9"]
[EventCountry "RUS"]
[SourceTitle "CB11_2024"]
[SourceDate "2024.03.13"]
[SourceVersion "1"]
[SourceVersionDate "2024.03.13"]
[SourceQuality "1"]

1. e4 c5 2. Nf3 Nc6 3. d4 cxd4 4. Nxd4 Nf6 5. Nc3 e5 6. Ndb5 d6 7. Nd5 Nxd5 8. exd5 Ne7 9. c4 Ng6 10. Qa4 Bd7 11. Qb4 Qb8 12. Be3 f5 13. Qa5 Kf7 14. a4 b6 15. Qb4 f4 16. Bd2 Bf5 17. Ra3 a6 18. Nc3 Be7 19. Be2 Qc8 20. g3 Re8 21. Kd1 Kg8 22. Rg1 fxg3 23. hxg3 Nf8 24. a5 bxa5 25. Qxa5 Nd7 26. Be3 Bd8 27. Qa4 Bb6 28. Qc6 Bxe3 29. Qxc8 Rexc8 30. fxe3 Rcb8 31. Na4 Rb4 32. g4 Bg6 33. g5 Rab8 34. Rg2 Bf5 35. Rf2 g6 36. Bf1 Kg7 37. Kc1 Rb3 38. Rxb3 Rxb3 39. Nc3 Nc5 40. Be2 Rb6 41. Rh2 Rb4 42. Rh4 Nd3+ 43. Bxd3 Bxd3 44. b3 Rxb3 45. Kd2 Bf5 46. e4 Bc8 47. Kc2 Rb4 48. Kd3 Rb2 49. Na4 Rb4 1/2-1/2

[Event "Moscow Aeroflot op-A"]
[Site "Moscow"]
[Date "2024.03.03"]
[Round "1"]
[White "Ter Sahakyan, Samvel"]
[Black "Suyarov, Mukhammadzokhid"]
[Result "1-0"]
[WhiteElo "2646"]
[BlackElo "2407"]
[PlyCount "69"]
[EventDate "2024.03.03"]
[EventType "swiss"]
[EventRounds "9"]
[EventCountry "RUS"]
[SourceTitle "CB11_2024"]
[SourceDate "2024.03.13"]
[SourceVersion "1"]
[SourceVersionDate "2024.03.13"]
[SourceQuality "1"]

1. d4 Nf6 2. c4 e6 3. Nf3 d5 4. Nc3 c6 5. g3 dxc4 6. Bg2 Bb4 7. Ne5 Nd5 8. Bd2 b5 9. 0-0 Bxc3 10. bxc3 0-0 11. a4 f6 12. Ng4 Bb7 13. Qb1 a6 14. e4 Nc7 15. Ne3 Qc8 16. Bc1 Nd7 17. Ba3 Rf7 18. Rd1 Nb6 19. Bc5 Nd7 20. Bd6 Ne8 21. Ba3 Nc7 22. h4 Kh8 23. Rd2 c5 24. Bxc5 Nxc5 25. dxc5 Rb8 26. axb5 axb5 27. Ra7 g6 28. Rd6 Ra8 29. Rxa8 Qxa8 30. Rb6 Kg7 31. Nxc4 bxc4 32. Rxb7 Qa5 33. Qb6 Qxb6 34. cxb6 Na6 35. Ra7 1-0

[Event "Titled Tuesday intern op 13th Feb Early"]
[Site "Chess.com INT"]
[Date "2024.02.13"]
[Round "6"]
[White "Seemann, Jakub"]
[Black "Ter Sahakyan, Samvel"]
[Result "0-1"]
[WhiteElo "2439"]
[BlackElo "2640"]
[PlyCount "98"]
[EventDate "2024.02.13"]
[EventType "swiss (blitz)"]
[EventRounds "11"]
[EventCountry "USA"]
[SourceTitle "CB08_2024"]
[SourceDate "2024.02.21"]
[SourceVersion "1"]
[SourceVersionDate "2024.02.21"]
[SourceQuality "1"]

1. c4 e5 2. Nc3 Bb4 3. Nd5 Be7 4. Nf3 d6 5. d4 Nf6 6. Nxe7 Qxe7 7. e3 0-0 8. Be2 c5 9. 0-0 e4 10. Ne1 Nc6 11. Nc2 Bf5 12. b3 b6 13. Bb2 Rfe8 14. Qd2 Rad8 15. Rfe1 h5 16. a3 d5 17. cxd5 Nxd5 18. Bb5 Qe6 19. Rac1 Qg6 20. Kh1 h4 21. h3 Re6 22. b4 Bxh3 23. gxh3 Qf5 24. Bf1 Rg6 25. Bg2 Rxg2 26. Kxg2 Ne5 27. dxe5 Nf4+ 28. exf4 Rxd2 29. Bc3 Rxf2+ 30. Kxf2 Qxf4+ 31. Kg2 Qg3+ 32. Kh1 Qxh3+ 33. Kg1 Qg3+ 34. Kh1 Qxc3 35. e6 Qh3+ 36. Kg1 Qxe6 37. bxc5 bxc5 38. Ne3 f5 39. Rxc5 f4 40. Nf5 e3 41. Kh2 Qa2+ 42. Kh3 Qf2 43. Rb1 e2 44. Rc7 Qf1+ 45. Rxf1 exf1Q+ 46. Kxh4 f3 47. Rxg7+ Kf8 48. Rc7 f2 49. Kg5 Qd3 0-1

[Event "Titled Tuesday intern op 13th Feb Early"]
[Site "Chess.com INT"]
[Date "2024.02.13"]
[Round "7"]
[White "Ter Sahakyan, Samvel"]
[Black "Bortnyk, Olexandr"]
[Result "1/2-1/2"]
[WhiteElo "2640"]
[BlackElo "2608"]
[PlyCount "283"]
[EventDate "2024.02.13"]
[EventType "swiss (blitz)"]
[EventRounds "11"]
[EventCountry "USA"]
[SourceTitle "CB08_2024"]
[SourceDate "2024.02.21"]
[SourceVersion "1"]
[SourceVersionDate "2024.02.21"]
[SourceQuality "1"]

1. d4 Nf6 2. c4 b6 3. Nc3 Bb7 4. Qc2 g6 5. e4 d6 6. Nf3 Bg7 7. Be2 0-0 8. 0-0 c5 9. d5 Na6 10. Bf4 Nb4 11. Qd2 Re8 12. Rad1 e5 13. dxe6 Rxe6 14. e5 Nh5 15. Be3 Bxe5 16. Nxe5 Rxe5 17. a3 Nc6 18. Qxd6 Qxd6 19. Rxd6 Rae8 20. Bf3 Na5 21. Bxb7 Nxb7 22. Rd7 Na5 23. Nd5 Nxc4 24. g4 Rxd5 25. Rxd5 Nf6 26. Rd3 Nxb2 27. Rc3 Nd5 28. Rc2 Nxe3 29. fxe3 Nd3 30. Rd1 c4 31. a4 Re4 32. h3 a6 33. Rb1 b5 34. axb5 axb5 35. Rxb5 Kg7 36. Rb7 Rxe3 37. Rxc4 Rxh3 38. Rd4 Ne5 39. Kg2 Re3 40. Rf4 h6 41. Rc7 Ra3 42. Re4 Ra5 43. Rd4 Kf6 44. Kg3 Ra3+ 45. Kg2 Kg5 46. Rc5 Ra2+ 47. Kg3 f6 48. Rb5 Ra3+ 49. Kf2 Rh3 50. Kg2 Re3 51. Kf2 Rc3 52. Kg2 Rc2+ 53. Kg3 Rc1 54. Kf2 Rc7 55. Kg3 Ra7 56. Kf2 Ra1 57. Kg3 Rg1+ 58. Kh3 Re1 59. Kg3 Re3+ 60. Kf2 Rf3+ 61. Kg2 Rc3 62. Kf2 Rc8 63. Kg3 Rh8 64. Rc5 h5 65. gxh5 Rxh5 66. Rc3 Rh1 67. Rd8 Rg1+ 68. Kf2 Ra1 69. Rd4 Kf5 70. Rd2 g5 71. Ke2 Rh1 72. Rd4 g4 73. Rc5 Kg5 74. Kf2 Rh2+ 75. Kg3 Rh3+ 76. Kg2 Re3 77. Rdd5 Re4 78. Rd8 Kf4 79. Rc2 f5 80. Rf8 Nf3 81. Rf2 Re3 82. Rf7 Rd3 83. Rf8 Kg5 84. Rg8+ Kf6 85. Rf8+ Ke5 86. Re8+ Kf4 87. Rf8 Rd1 88. Rxf3+ gxf3+ 89. Kf2 Rd2+ 90. Kf1 Ra2 91. Rf7 Ra1+ 92. Kf2 Ra3 93. Rf8 Ra2+ 94. Kf1 Ra5 95. Kf2 Re5 96. Rf7 Rd5 97. Rf8 Ke4 98. Re8+ Kf4 99. Rf8 Rc5 100. Kf1 Rc2 101. Rf7 Rb2 102. Rf8 Ra2 103. Rf7 f2 104. Rf8 Ke4 105. Rf7 Rb2 106. Rc7 Kf4 107. Rc3 Kg4 108. Ra3 Rc2 109. Rb3 Ra2 110. Rc3 Rb2 111. Ra3 Kf4 112. Rf3+ Ke4 113. Ra3 Rc2 114. Rb3 Rd2 115. Ra3 Rb2 116. Rc3 Ra2 117. Rb3 Kf4 118. Rc3 Kg4 119. Rb3 f4 120. Rc3 Rb2 121. Ra3 Rc2 122. Rb3 Kf5 123. Ra3 Ke4 124. Rb3 Kf5 125. Ra3 Kg4 126. Rb3 Rd2 127. Ra3 Rd8 128. Kxf2 Rd2+ 129. Kf1 Rb2 130. Rc3 Ra2 131. Rb3 Ra7 132. Kf2 Rh7 133. Rc3 Rh2+ 134. Kf1 Rd2 135. Rb3 Kf5 136. Ra3 Ke4 137. Rb3 Rd3 138. Rxd3 Kxd3 139. Kf2 Ke4 140. Ke2 f3+ 141. Kf2 Kd3 142. Kxf3 1/2-1/2

[Event "Titled Tuesday intern op 13th Feb Early"]
[Site "Chess.com INT"]
[Date "2024.02.13"]
[Round "5"]
[White "Ter Sahakyan, Samvel"]
[Black "Duda, Jan Krzysztof"]
[Result "0-1"]
[WhiteElo "2640"]
[BlackElo "2732"]
[PlyCount "64"]
[EventDate "2024.02.13"]
[EventType "swiss (blitz)"]
[EventRounds "11"]
[EventCountry "USA"]
[SourceTitle "CB08_2024"]
[SourceDate "2024.02.21"]
[SourceVersion "1"]
[SourceVersionDate "2024.02.21"]
[SourceQuality "1"]

1. d4 Nf6 2. c4 g6 3. Nc3 d5 4. cxd5 Nxd5 5. Bd2 Nb6 6. e3 Bg7 7. h4 e5 8. dxe5 Nc6 9. f4 f6 10. exf6 Qxf6 11. Nf3 Bf5 12. e4 Qe7 13. Qe2 Bg4 14. 0-0-0 0-0-0 15. e5 Bh6 16. Be3 Rxd1+ 17. Qxd1 Nxe5 18. Qd4 Nf7 19. Ng5 Rd8 20. Qe4 Bxg5 21. hxg5 Rd1+ 22. Kc2 Bf5 23. Qxf5+ gxf5 24. Nxd1 Nd5 25. Bd2 Nxf4 26. Rxh7 Qe4+ 27. Kc1 Nxg5 28. Rh8+ Kd7 29. Nc3 Qd4 30. Rg8 Qg1 31. Rxg5 Qxf1+ 32. Kc2 Ne6 0-1

[Event "Titled Tuesday intern op 06th Feb Early"]
[Site "Chess.com INT"]
[Date "2024.02.06"]
[Round "11"]
[White "Ioannidis, Evgenios"]
[Black "Ter Sahakyan, Samvel"]
[Result "0-1"]
[WhiteElo "2519"]
[BlackElo "2640"]
[PlyCount "85"]
[EventDate "2024.02.06"]
[EventType "swiss (blitz)"]
[EventRounds "11"]
[EventCountry "USA"]
[SourceTitle "CB07_2024"]
[SourceDate "2024.02.14"]
[SourceVersion "1"]
[SourceVersionDate "2024.02.14"]
[SourceQuality "1"]

1. d4 Nf6 2. c4 e6 3. Nc3 Bb4 4. Qc2 d5 5. a3 Bxc3+ 6. Qxc3 0-0 7. Nf3 dxc4 8. Qxc4 b6 9. Bg5 Bb7 10. Rc1 Nbd7 11. Qxc7 Qxc7 12. Rxc7 Bd5 13. Ne5 Rfc8 14. Rxd7 Nxd7 15. Nxd7 f6 16. Bxf6 Rc1+ 17. Kd2 Rac8 18. Nc5 Rb1 19. e4 gxf6 20. exd5 bxc5 21. dxe6 cxd4 22. Ba6 Rxh1 23. Bxc8 Kf8 24. Kd3 Rf1 25. Ke2 Rb1 26. b4 Rb3 27. f4 Rxa3 28. f5 Rb3 29. g4 h6 30. Ba6 Rxb4 31. Kd3 Ke7 32. h4 Rb3+ 33. Kxd4 Rh3 34. h5 Rg3 35. Be2 a5 36. Ke4 a4 37. Kf4 Rc3 38. g5 hxg5+ 39. Kg4 Rc2 40. Bf3 a3 41. Bd5 Rh2 42. Bb3 Rh4+ 43. Kg3 0-1

[Event "Bangabandhu-chT"]
[Site "Dhaka"]
[Date "2024.02.06"]
[Round "6.3"]
[White "Ter Sahakyan, Samvel"]
[Black "Chigaev, Maksim"]
[Result "1/2-1/2"]
[WhiteElo "2640"]
[BlackElo "2622"]
[PlyCount "78"]
[EventDate "2024.02.01"]
[EventType "team-tourn"]
[EventRounds "11"]
[EventCountry "BAN"]
[SourceTitle "CB07_2024"]
[SourceDate "2024.02.14"]
[SourceVersion "1"]
[SourceVersionDate "2024.02.14"]
[SourceQuality "1"]
[WhiteTeam "Bangladesh Police"]
[BlackTeam "Palli Sanchay Bank"]
[WhiteTeamCountry "BAN"]
[BlackTeamCountry "BAN"]

1. e4 e5 2. Nf3 Nc6 3. Bb5 a6 4. Ba4 Nf6 5. 0-0 Be7 6. Re1 b5 7. Bb3 0-0 8. c3 d5 9. exd5 Nxd5 10. Nxe5 Nxe5 11. Rxe5 c6 12. d3 Bd6 13. Re1 Bf5 14. Qf3 Bg6 15. Na3 Bxa3 16. bxa3 Nxc3 17. Bd2 Nd5 18. a4 Qd7 19. Rac1 Rfe8 20. h3 Rxe1+ 21. Rxe1 Re8 22. Rc1 h6 23. axb5 axb5 24. a4 bxa4 25. Bxa4 Re6 26. Bb3 Qb7 27. Bc4 Re8 28. Qd1 Qd7 29. Qg4 Qxg4 30. hxg4 Ra8 31. f3 Nb6 32. Bb3 Ra3 33. Rc3 Nd5 34. Bxd5 Rxc3 35. Bxf7+ Kxf7 36. Bxc3 Bxd3 37. Kf2 c5 38. Ke3 Bf1 39. Kf2 Bd3 1/2-1/2